| 000 | 00531nam a2200181Ia 4500 | ||
|---|---|---|---|
| 008 | 151018s9999 xx 000 0 und d | ||
| 082 |
_bRBASDV5429 _a891.464 |
||
| 100 | _aवा शि आपटे | ||
| 245 | _aताजा कलम | ||
| 250 | _b1 | ||
| 260 |
_bइमानदार बंधू प्रकाशन _c1967 |
||
| 300 | _a74 | ||
| 600 | _aवा शि आपटे | ||
| 630 | _aताजा कलम | ||
| 700 | _aवा शि आपटे | ||
| 730 | _aताजा कलम | ||
| 942 | _cBOOK | ||
| 999 |
_c1007812 _d1007809 |
||